Fuero de Viguera y Val de Funes
שמור ב:
| מחבר ראשי: | |
|---|---|
| פורמט: | ספר |
| שפה: | ספרדית |
| יצא לאור: |
Salamanca, España
Universidad de Salamanca
1956
|
| סדרה: | Filosofía y Letras,
7 |
| נושאים: | |
| תגים: |
הוספת תג
אין תגיות, היה/י הראשונ/ה לתייג את הרשומה!
|
MARC
| LEADER | 00000nam a2200000 a 4500 | ||
|---|---|---|---|
| 001 | UCO1647 | ||
| 003 | CL-VaPUC | ||
| 005 | 20210521001546.0 | ||
| 008 | 000519e19560000SP |||||||||||||||||spa|d | ||
| 999 | |c 288251 |d 288249 | ||
| 040 | |c Pontificia Universidad Católica de Valparaíso | ||
| 082 | 0 | 4 | |a 349.46 RAM 1956 |2 21 |
| 100 | 0 | |a Ramos Loscertales, José María |e author |9 444030 | |
| 245 | 1 | 0 | |a Fuero de Viguera y Val de Funes |
| 260 | |a Salamanca, España |b Universidad de Salamanca |c 1956 | ||
| 300 | |a 148 páginas | ||
| 490 | 0 | |a Filosofía y Letras, |v 7 | |
| 583 | |a last modification |c 20000519 00:00:00 |k Rodrigo Vera | ||
| 600 | 0 | 7 | |a ALFONSO EL BATALLADOR |2 CL-VaPUC |9 444031 |
| 650 | 7 | |a FUEROS |2 CL-VaPUC |9 255290 |z ESPAÑA | |
| 650 | 0 | |a Historia de España |9 315435 | |
| 852 | |a BIBCUR | ||
| 942 | |c BK |2 ddc | ||
| 945 | |d 20000519 00:00:00 |a rherrera | ||
| 952 | |0 0 |1 0 |2 ddc |4 0 |6 349_460000000000000_RAM_1956 |7 0 |8 A |9 335822 |a BIBHIS |b BIBHIS |d 2019-11-20 |i 1282026 |o 349.46 RAM 1956 |p 1282026 |r 2025-01-20 |t 1 |w 2019-11-20 |y BK |k HIS | ||